Statistics for "The" Bands in the Rock and Roll Hall of Fame

Click here to take the quiz!

General Stats

  • This quiz has been taken 112 times
  • The average score is 19 of 50

Answer Stats

YearMusical Act% Correct
1988The Beatles
95%
1989The Rolling Stones
91%
1990The Who
83%
1993The Doors
64%
1988The Beach Boys
61%
1990The Kinks
60%
1988The Supremes
56%
2003The Clash
55%
1994The Band
53%
1989The Temptations
53%
1994The Animals
51%
2002The Ramones
51%
1991The Byrds
50%
2003The Police
49%
1995The Allman Brothers Band
45%
1997The Jackson 5
45%
1992The Yardbirds
44%
1986The Everly Brothers
43%
2010The Hollies
43%
2003The Righteous Brothers
41%
2019The Cure
40%
1996The Velvet Underground
38%
2018The Cars
35%
1998The Mamas & the Papas
35%
2007The Ronettes
34%
2020The Doobie Brothers
33%
1988The Drifters
33%
1990The Four Seasons
31%
2019The Zombies
31%
1992The Isley Brothers
30%
1990The Platters
30%
2012The Small Faces
30%
2018The Moody Blues
29%
1996The Shirelles
26%
1992The Jimi Hendrix
Experience
25%
2010The Stooges
24%
2005The O'Jays
23%
2008The Dave Clark Five
21%
2021The Go-Go's
21%
1987The Coasters
19%
2001The Flamingos
18%
1991The Impressions
16%
2000The Lovin' Spoonful
16%
1997The Rascals
16%
2004The Dells
15%
1999The Staple Singers
15%
2008The Ventures
14%
2000The Moonglows
11%
2020The Notorious B.I.G.
8%
2015The Paul Butterfield
Blues Band
6%

Score Distribution

Percentile by Number Answered

Percent of People with Each Score

Your Score History

You have not taken this quiz